Dialectics, power and knowledge construction in qualitative research : Beyond Dichotomy

Gespeichert in:
Bibliographische Detailangaben
1. Verfasser: BEN-ARI, Adital
Format: Buch
Sprache:Englisch
Veröffentlicht: Routledge 2020
Tags: Tag hinzufügen
Keine Tags, Fügen Sie den ersten Tag hinzu!

MARC

LEADER 00000nam a22000007a 4500
008 240416b |||||||| |||| 00| 0 eng d
020 |a 9780415833400 
100 |a BEN-ARI, Adital  
245 |a Dialectics, power and knowledge construction in qualitative research  |b : Beyond Dichotomy  |c Adital Ben-Ari, Guy Enosh  |g vi,93p 
260 |b Routledge  |c 2020  |h New york  |i 700528  |i 702778  |l H61.15.B43  |m Qualitative Research - philosophy  |m Social sciences - methodology 
500 |a It includes references and index 
942 |a lcc  |c BK  |e Adeyemo O.O  |f 16/04/2023 
952 |0 0  |1 0  |2 lcc  |4 0  |6 H006115 B43  |7 0  |9 5048  |a SSL  |b HOL  |c GJ  |d 2024-04-16  |l 0  |o H61.15.B43  |p 2024-0298  |r 2024-04-16 00:00:00  |t 700528  |w 2024-04-16  |y BK 
952 |0 0  |1 0  |2 lcc  |4 0  |6 H006115 B43  |7 0  |9 5049  |a HOL  |b HOL  |c GJ  |d 2024-04-16  |l 0  |o H61.15.B43  |p 2024-0299  |r 2024-04-16 00:00:00  |t 702778  |w 2024-04-16  |y BK 
999 |c 2507  |d 2507